BIBLIOTECA

SENCICO

Suministro, distribución y evacuación interior de agua sanitaria (Registro nro. 1269)

Detalles MARC
000 -LEADER
fixed length control field 00679nam a2200265Ia 4500
005 - DATE AND TIME OF LATEST TRANSACTION
control field 20251020182505.0
008 - FIXED-LENGTH DATA ELEMENTS--GENERAL INFORMATION
fixed length control field 200515s9999 xx 000 0 und d
020 ## - INTERNATIONAL STANDARD BOOK NUMBER
International Standard Book Number 978-84-267-1778-8
082 ## - DEWEY DECIMAL CLASSIFICATION NUMBER
Classification number 628.037/S68
100 ## - MAIN ENTRY--PERSONAL NAME
Personal name Pancorbo Floristrán, Francisco J.
100 ## - MAIN ENTRY--PERSONAL NAME
Personal name Soriano Rull, Albert
245 #0 - TITLE STATEMENT
Title Suministro, distribución y evacuación interior de agua sanitaria
250 ## - EDITION STATEMENT
Edition statement 1a ed.
260 ## - PUBLICATION, DISTRIBUTION, ETC.
Place of publication, distribution, etc. Barcelona
260 ## - PUBLICATION, DISTRIBUTION, ETC.
Name of publisher, distributor, etc. marcombo
260 ## - PUBLICATION, DISTRIBUTION, ETC.
Date of publication, distribution, etc. 2012
300 ## - PHYSICAL DESCRIPTION
Extent 505 p.
300 ## - PHYSICAL DESCRIPTION
Other physical details il., tbl., graf., fot., col.
500 ## - GENERAL NOTE
General note 1 ejemplar
650 ## - SUBJECT ADDED ENTRY--TOPICAL TERM
Topical term or geographic name entry element AGUA
650 ## - SUBJECT ADDED ENTRY--TOPICAL TERM
Topical term or geographic name entry element AGUA SANITARIA
650 ## - SUBJECT ADDED ENTRY--TOPICAL TERM
Topical term or geographic name entry element HIDRAULICA
942 ## - ADDED ENTRY ELEMENTS (KOHA)
Koha item type Libros
Existencias
Fecha de la última vez que lo usaron Pago total Signatura topográfica completa Código de barras Precio efectivo desde Tipo de documento Estado perdido Estado dañado No es para préstamo Retirado Ubicación permanente Ubicación actual Fecha de adquisición
15/05/2020   628.037/S68 Bib-Lima15051269 15/05/2020 Libros         Biblioteca Central Lima Biblioteca Central Lima 15/05/2020